| 000 | 00562nam a22001817a 4500 | ||
|---|---|---|---|
| 082 |
_a358.295491 _bHIS _cL-40, P-69 |
||
| 245 | _aHistory of MES Pakistan | ||
| 300 |
_a335 p. _bill. |
||
| 526 |
_a0 _b0 _c0 _d358_295491000000000_HIS |
||
| 526 |
_a0 _b0 _c0 _d358_295491000000000_HIS |
||
| 526 |
_a0 _b0 _c0 _d358_295491000000000_HIS |
||
| 526 |
_a0 _b0 _c0 _d358_295491000000000_HIS |
||
| 526 |
_a0 _b0 _c0 _d358_295491000000000_HIS |
||
| 526 |
_a0 _b0 _c0 _d358_295491000000000_HIS |
||
| 526 |
_a0 _b0 _c0 _d358_295491000000000_HIS |
||
| 650 |
_aMCE _9379 |
||
| 942 |
_2ddc _cBK |
||
| 999 |
_c549969 _d549969 |
||